How to prepare for group discussion and interview / (Record no. 20782)
[ view plain ]
| 000 -LEADER | |
|---|---|
| fixed length control field | 01068nam a22002894a 4500 |
| 005 - DATE AND TIME OF LATEST TRANSACTION | |
| control field | 20050328093435.0 |
| 008 - FIXED-LENGTH DATA ELEMENTS--GENERAL INFORMATION | |
| fixed length control field | 030821s2004 wiua 001 0deng |
| 010 ## - LCCN (DPL NO) | |
| LC control number | ENG-92425 |
| 020 ## - INTERNATIONAL STANDARD BOOK NUMBER | |
| International Standard Book Number | 9780070090583 |
| Terms of availability | 210.00 |
| 020 ## - INTERNATIONAL STANDARD BOOK NUMBER | |
| International Standard Book Number | 0070090580 |
| Terms of availability | 210.00 |
| 035 ## - SYSTEM CONTROL NUMBER | |
| System control number | EN-75958 |
| 037 ## - SOURCE OF ACQUISITION | |
| Source of stock number/acquisition | DBAD / PUB |
| 040 ## - CATALOGING SOURCE | |
| Original cataloging agency | dpl |
| Language of cataloging | English |
| 082 ## - DEWEY DECIMAL CLASSIFICATION NUMBER | |
| Classification number | 650.144 |
| 100 ## - MAIN ENTRY--PERSONAL NAME | |
| Personal name | Hari Mohan Prasad |
| 245 ## - TITLE STATEMENT | |
| Title | How to prepare for group discussion and interview / |
| Statement of responsibility, etc | by Hari Mohan Prasad [and] Rajnish Mohan |
| 250 ## - EDITION STATEMENT | |
| Edition statement | 2nd ed |
| 260 ## - PUBLICATION, DISTRIBUTION, ETC. (IMPRINT) | |
| Place of publication, distribution, etc | New Delhi |
| Name of publisher, distributor, etc | Tata McGraw-Hill Publishing |
| Date of publication, distribution, etc | 2009 |
| 270 ## - ADDRESS | |
| Address | 7 West Patel Nagar |
| City | New Delhi |
| Postal code | 110008 |
| 300 ## - PHYSICAL DESCRIPTION | |
| Extent | xvi, 224p. |
| Dimensions | 23cm (pbk) |
| Accompanying material | CD-ROM |
| 490 ## - SERIES STATEMENT | |
| Series statement | Tata McGraw-Hill winning we edge series |
| 650 ## - SUBJECT ADDED ENTRY--TOPICAL TERM | |
| Topical term or geographic name as entry element | Discussion |
| 650 ## - SUBJECT ADDED ENTRY--TOPICAL TERM | |
| Topical term or geographic name as entry element | Employment interviewing. |
| 700 ## - ADDED ENTRY--PERSONAL NAME | |
| Personal name | Rajnish Mohan |
| 942 ## - ADDED ENTRY ELEMENTS (KOHA) | |
| Source of classification or shelving scheme | Dewey Decimal Classification |
| Item type | English Books |
| Call number suffix | PRA |
| Classification part | 650.144 |
| Withdrawn status | Lost status | Source of classification or shelving scheme | Damaged status | Not for loan | Collection code | Home library | Current library | Date acquired | Source of acquisition | Cost, normal purchase price | Total Checkouts | Full call number | Barcode | Date last seen | Copy number | Cost, replacement price | Koha item type |
|---|---|---|---|---|---|---|---|---|---|---|---|---|---|---|---|---|---|
| Dewey Decimal Classification | Not For Loan | Non-fiction | D.B.Act.Division | D.B.Act.Division | 09/01/2009 | DBAB / PUB | 210.00 | 650.144 PRA | EN-75958 | 09/01/2009 | 1 | 210.00 | English Books |
